Normal view
MARC view
- Devi Parsad
Entry Personal Name
001 - CONTROL NUMBER
- control field: 10963
003 - CONTROL NUMBER IDENTIFIER
- control field: NUST
005 - DATE AND TIME OF LATEST TRANSACTION
- control field: 20180605045303.0
008 - FIXED-LENGTH DATA ELEMENTS
- fixed length control field: 180605|| aca||aabn | a|a d
040 ## - CATALOGING SOURCE
- Original cataloging agency: NUST
- Transcribing agency: NUST
100 ## - HEADING--PERSONAL NAME
- Personal name: Devi Parsad
670 ## - SOURCE DATA FOUND
- Source citation: Work cat.: (NUST): Devi Parsad , Operation Research , 2015
